[Event "2024 British Rapidplay Championship"]
[Site "Holiday Inn Peterborough - West"]
[Date "2024.03.02"]
[Round "6.65"]
[White "George, Matthew P"]
[Black "Mehta, Sophie"]
[Result "1-0"]
[WhiteFideId "407763"]
[BlackFideId "487996"]
[WhiteElo "2003"]
[BlackElo "1635"]
[EventDate "2024.03.02"]

1. d4 Nf6 2. Nc3 g6 3. e4 Bg7 4. e5 Ng8 5. Bf4 d6 6. exd6 exd6 7. Qd2 Nf6 8. O-O-O
O-O 9. Bh6 Re8 10. Bxg7 Kxg7 11. Be2 Ng4 12. Bf3 Nc6 13. h3 Nf6 14. Nge2 Bf5 15.
g4 Be4 16. Qf4 Bxf3 17. Qxf3 Qe7 18. h4 Nb4 19. h5 Nxa2+ 20. Nxa2 Qxe2 21. h6+ Kf8
22. Qxf6 Re6 23. Qh8+ Ke7 24. Qxa8 Qa6 25. Kb1 Kd7 26. Qg8 Re2 27. Qxf7+ Kc8 28.
Nc3 1-0

[Event "2024 British Rapidplay Championship"]
[Site "Holiday Inn Peterborough - West"]
[Date "2024.03.02"]
[Round "6.66"]
[White "Killeen, Robert T"]
[Black "Fisher, Neal"]
[Result "1-0"]
[WhiteFideId "343444466"]
[BlackFideId "442100"]
[WhiteElo "1945"]
[BlackElo "1647"]
[EventDate "2024.03.02"]

1. e4 e5 2. Nc3 Nf6 3. f4 d6 4. Nf3 exf4 5. d4 Nc6 6. Bxf4 Bg4 7. Bb5 a6 8. Bxc6+
bxc6 9. O-O Be7 10. Qd3 Nh5 11. Be3 O-O 12. Ne2 Bd7 13. e5 d5 14. Nf4 Nxf4 15. Bxf4
Be6 16. c3 Qd7 17. b4 Bf5 18. Qd2 Be4 19. Qf2 Bxf3 20. Qxf3 Qd8 21. Qg4 g6 22. Bh6
Re8 23. Qf3 Rf8 24. Rae1 Bg5 25. Bxf8 Qxf8 26. g3 Qe7 27. h4 Bh6 28. Qf6 Qxf6 29.
Rxf6 Bd2 30. Rd1 Bxc3 31. a3 a5 32. Rxc6 Bb2 33. Rxc7 Bxa3 34. bxa5 Rxa5 35. Ra1
h5 36. Rc3 Bc5 37. Rxa5 Bxd4+ 38. Kg2 Bxc3 39. Rxd5 Kg7 40. Kf3 Bb2 41. Ke4 Kf8 42.
Rd7 Ke8 43. Rb7 Bc3 44. Kd5 Be1 45. Kd6 Kf8 46. Rb8+ Kg7 47. Rb3 Bd2 48. Kd7 g5 49.
Rd3 Bc1 50. Rf3 gxh4 51. gxh4 Bd2 52. Rxf7 Kxf7 53. e6 Kg6 54. e7 1-0

[Event "2024 British Rapidplay Championship"]
[Site "Holiday Inn Peterborough - West"]
[Date "2024.03.02"]
[Round "6.67"]
[White "Cepoi, Gesneria-Codruta"]
[Black "Patel, Zain"]
[Result "0-1"]
[WhiteFideId "1285297"]
[BlackFideId "469246"]
[WhiteElo "1655"]
[BlackElo "1828"]
[EventDate "2024.03.02"]

1. e4 c6 2. d4 d5 3. e5 c5 4. c3 Nc6 5. Nf3 cxd4 6. cxd4 Bg4 7. Nc3 e6 8. Bb5 a6
9. Ba4 Nge7 10. Be3 Nf5 11. h3 Bxf3 12. Qxf3 b5 13. Bc2 Ncxd4 14. Bxd4 Nxd4 15. Qd3
Nxc2+ 16. Qxc2 Rc8 17. Qd3 Bb4 18. O-O Bxc3 19. bxc3 Qc7 20. Rac1 Qxe5 21. Rfe1 Qd6
22. Qd4 O-O 23. Re3 Rc4 24. Qd3 Rfc8 25. Qd2 d4 26. Rg3 Qe5 27. f4 dxc3 28. Rcxc3
Qc5+ 29. Kh2 Rxc3 30. Rg5 Qe3 31. Qd6 Rd3 32. Qb4 Rd4 33. Qb1 Qxf4+ 34. Rg3 Rc3 0-1

[Event "2024 British Rapidplay Championship"]
[Site "Holiday Inn Peterborough - West"]
[Date "2024.03.02"]
[Round "6.68"]
[White "Crawford, Owen"]
[Black "Hill, Callum"]
[Result "1-0"]
[WhiteFideId "343409393"]
[BlackFideId "343403913"]
[WhiteElo "1917"]
[BlackElo "1635"]
[EventDate "2024.03.02"]

1. e4 g6 2. d4 Bg7 3. Nf3 c5 4. c3 cxd4 5. cxd4 Nc6 6. Nc3 d6 7. Be3 Bg4 8. Be2 Bxf3
9. Bxf3 e6 10. O-O Nge7 11. Rc1 O-O 12. Qd2 Rc8 13. Rfd1 d5 14. exd5 Nxd5 15. Nxd5
exd5 16. Rc5 Ne7 17. Rdc1 Qd6 18. g3 b6 19. Bf4 Qd7 20. Rc7 Rxc7 21. Rxc7 Qe6 22.
Qe3 Nf5 23. Qxe6 fxe6 24. Rxa7 Nxd4 25. Bg4 e5 26. Rxg7+ Kxg7 27. Bxe5+ Kf7 28. Bxd4
Ra8 29. Bf3 Ke6 30. a3 b5 31. Kf1 Rf8 32. Be2 Rb8 33. Bd3 b4 34. a4 b3 35. a5 Rb4
36. Bc5 Ra4 37. a6 Ra1+ 38. Ke2 Ra2 39. Ba3 Rxa3 40. bxa3 Ke5 41. a7 h5 42. a8=Q
h4 43. Qc6 hxg3 44. hxg3 g5 45. Qb6 g4 46. Qxb3 d4 47. Qb5+ Kd6 48. Be4 d3+ 49. Kxd3
Ke7 50. Qc6 Kf7 51. Qd6 Kg7 52. Qe6 Kh8 53. Qe7 Kg8 54. Bg6 Kh8 55. Qf8# 1-0

[Event "2024 British Rapidplay Championship"]
[Site "Holiday Inn Peterborough - West"]
[Date "2024.03.02"]
[Round "6.69"]
[White "Veeturi, Yashvardhan"]
[Black "Ganti, Shriaansh"]
[Result "0-1"]
[WhiteFideId "343402496"]
[BlackFideId "343104781"]
[WhiteElo "1642"]
[BlackElo "1886"]
[EventDate "2024.03.02"]

1. e4 c5 2. Nc3 Nc6 3. Bb5 a6 4. Bxc6 bxc6 5. Nf3 d5 6. d4 e6 7. Be3 cxd4 8. Bxd4
Nf6 9. exd5 cxd5 10. O-O Bd6 11. Qd2 Bd7 12. Be5 Bxe5 13. Nxe5 O-O 14. b3 Qc7 15.
f4 Rfc8 16. Rf3 Be8 17. Qd4 Qc5 18. Rd1 Rc7 19. Qxc5 Rxc5 20. Rdd3 Rac8 21. b4 R5c7
22. a4 Ne4 23. Nd1 Bxa4 24. c4 dxc4 25. Rd4 Nf6 26. Rc3 Bb5 27. Ne3 h6 28. N3xc4
Nd5 29. Rc1 f6 30. Nd3 Rxc4 31. Re1 Rxd4 0-1

[Event "2024 British Rapidplay Championship"]
[Site "Holiday Inn Peterborough - West"]
[Date "2024.03.02"]
[Round "6.70"]
[White "Kumar, Sanjit S"]
[Black "Wainwright, Charlie"]
[Result "1-0"]
[WhiteFideId "468142"]
[BlackFideId "343426310"]
[WhiteElo "1799"]
[BlackElo "1632"]
[EventDate "2024.03.02"]

1. d4 c5 2. d5 Nf6 3. c4 e6 4. Nc3 exd5 5. cxd5 d6 6. Nf3 a6 7. a4 g6 8. Bf4 Bg7
9. h3 O-O 10. e3 Nh5 11. Bh2 Qb6 12. Qc2 Bf5 13. e4 Re8 14. Nd2 Nf6 15. f3 Bf8 16.
Be2 Bd7 17. Nc4 Qc7 18. O-O a5 19. f4 Na6 20. e5 Nb4 21. Qd2 Nh5 22. Bxh5 gxh5 23.
f5 dxe5 24. d6 Qd8 25. f6 Bc6 26. Qg5+ Kh8 27. Nxe5 Rxe5 28. Bxe5 Nd3 29. Rad1 Nxb2
30. Nd5 Bxd5 31. Rxd5 Nc4 32. Rf3 Nxe5 33. Qxe5 Qd7 34. Rg3 Bh6 35. Qxh5 Bf4 36.
Qxh7+ Kxh7 37. Rh5+ Bh6 38. Rg7+ Kh8 39. Rxh6# 1-0

[Event "2024 British Rapidplay Championship"]
[Site "Holiday Inn Peterborough - West"]
[Date "2024.03.02"]
[Round "6.71"]
[White "Bellano, Harry"]
[Black "Mittal, Aditya"]
[Result "0-1"]
[WhiteFideId "343430015"]
[BlackFideId "499250"]
[WhiteElo "1632"]
[BlackElo "1794"]
[EventDate "2024.03.02"]

1. e4 e5 2. f4 exf4 3. Bc4 Nc6 4. d4 d6 5. Bxf4 Be7 6. Nc3 Nf6 7. Nf3 Bg4 8. O-O
O-O 9. a3 Re8 10. h3 Bh5 11. g4 Bg6 12. e5 dxe5 13. Bxe5 Qd7 14. d5 Nxe5 15. Nxe5
Bc5+ 16. Kg2 Rxe5 17. Rf4 Rd8 18. h4 h5 19. g5 Ng4 20. Qf3 Ne3+ 21. Kh1 Nxc4 22.
Rxc4 Re3 23. Qf4 Qh3+ 24. Qh2 Bd6 25. Qxh3 Rxh3+ 26. Kg1 Re8 27. Rf1 Bxc2 28. Rf2
Re1+ 29. Kg2 Rg3+ 30. Kh2 Rxc3+ 31. Kg2 Rxc4 32. Rd2 Be4+ 33. Kf2 Rh1 34. b3 Rc3
0-1

[Event "2024 British Rapidplay Championship"]
[Site "Holiday Inn Peterborough - West"]
[Date "2024.03.02"]
[Round "6.72"]
[White "Patel, Keatan"]
[Black "Dhingra, Kanvansh"]
[Result "1/2-1/2"]
[WhiteFideId "477613"]
[BlackFideId "33401500"]
[WhiteElo "1779"]
[BlackElo "1592"]
[EventDate "2024.03.02"]

1. Nf3 d5 2. d4 e6 3. c4 c6 4. Nc3 f5 5. Bf4 Nf6 6. e3 Bd6 7. Ne5 O-O 8. Bd3 Qe7
9. h3 Ne4 10. Qc2 g5 11. Bh2 Nd7 12. Nxd7 Bxd7 13. Bxd6 Qxd6 14. O-O-O a5 15. c5
Qc7 16. Na4 Ra7 17. Nb6 Be8 18. g4 Bg6 19. gxf5 exf5 20. Rdg1 Kh8 21. Bxe4 fxe4 22.
Rxg5 Qf7 23. Rh2 Qf3 24. Rg3 Qf5 25. Na4 Raa8 26. Nc3 Qh5 27. Ne2 Qh6 28. Nf4 Rf6
29. Qb3 Rf7 30. Rhg2 Rg7 31. Qb6 a4 32. a3 Rag8 33. Qa5 Qh4 34. Qxa4 Qf6 35. Qd1
Qe7 36. Qg1 Qe8 37. h4 Qf7 38. h5 Bf5 39. b4 Rxg3 40. Rxg3 Rxg3 41. Qxg3 Qg7 42.
Qxg7+ Kxg7 43. a4 Bd7 44. Kd2 Kf6 45. b5 cxb5 46. axb5 Bxb5 47. Nxd5+ Kg5 48. Nc3
Bd3 49. d5 Kf6 50. f3 Bc4 51. Nxe4+ Ke5 52. c6 Bxd5 53. cxb7 Bxb7 54. Nc5 Bxf3 55.
h6 Kf5 56. Ke1 Kg6 57. Kf2 Ba8 58. Kg3 Kxh6 59. Ne6 Kg6 60. Kf4 h5 61. Ng5 Kf6 62.
e4 Bxe4 63. Nxe4+ Ke6 64. Nd2 h4 65. Nf3 h3 66. Nh2 Kd5 67. Kf5 Kd4 68. Kg4 Ke3 69.
Kg3 Ke2 1/2-1/2

[Event "2024 British Rapidplay Championship"]
[Site "Holiday Inn Peterborough - West"]
[Date "2024.03.02"]
[Round "6.73"]
[White "Mohammed Sharifdeen, Mohamed Nasrudeen Meeran"]
[Black "Cheng, Wing"]
[Result "0-1"]
[WhiteFideId "343423736"]
[BlackFideId "343443621"]
[WhiteElo "1551"]
[BlackElo "1829"]
[EventDate "2024.03.02"]

1. e4 e6 2. d4 d5 3. exd5 exd5 4. Bd3 Nc6 5. c3 Nf6 6. h3 Bd7 7. Nf3 Qe7+ 8. Be3
O-O-O 9. O-O h6 10. Qb3 g5 11. Nh2 g4 12. h4 g3 13. fxg3 Qxe3+ 14. Kh1 Qxd3 15. Rxf6
Qxg3 16. Qxd5 Bd6 17. Nf1 Qxh4+ 18. Kg1 Qxf6 19. Nbd2 Be6 20. Qc5 0-1

[Event "2024 British Rapidplay Championship"]
[Site "Holiday Inn Peterborough - West"]
[Date "2024.03.02"]
[Round "6.74"]
[White "Graham, Neil"]
[Black "Liu, Jacob"]
[Result "0-1"]
[WhiteFideId "408999"]
[BlackFideId "496960"]
[WhiteElo "1824"]
[BlackElo "1573"]
[EventDate "2024.03.02"]

1. d4 d5 2. e4 dxe4 3. Nc3 Nf6 4. f3 exf3 5. Nxf3 Bg4 6. h3 Bh5 7. g4 Bg6 8. Ne5
Nbd7 9. Qf3 c6 10. Nxg6 hxg6 11. g5 Nh5 12. Bc4 e6 13. Rf1 Qe7 14. h4 Nb6 15. Bd3
Qc7 16. Be3 Qg3+ 17. Qxg3 Nxg3 18. Rf3 Nf5 19. Bf2 Bb4 20. O-O-O O-O-O 21. Ne2 Nxh4
22. Rxf7 Rd7 23. Rxd7 Kxd7 24. Rh1 Bd2+ 25. Kd1 Bxg5 26. Bxh4 Rxh4 27. Rxh4 Bxh4
28. Bxg6 Nc4 29. b3 Ne3+ 30. Kd2 Bg5 31. Kd3 Kd6 32. Nc3 Bh6 33. Ne4+ Ke7 34. Bh5
Nd5 35. Bd1 Nb4+ 36. Kc3 Nd5+ 37. Kd3 a5 38. Nc5 b6 39. Na4 Nb4+ 40. Ke4 Nxa2 41.
Ke5 g5 42. Nxb6 Bg7+ 43. Ke4 Nc3+ 44. Kd3 Nxd1 45. Nc4 g4 46. Ke2 Nc3+ 47. Kd3 Nd5
48. Nxa5 g3 49. Ke2 Nf4+ 0-1

[Event "2024 British Rapidplay Championship"]
[Site "Holiday Inn Peterborough - West"]
[Date "2024.03.02"]
[Round "6.75"]
[White "Smith, Gary P"]
[Black "Mouskos, Mia"]
[Result "1-0"]
[WhiteFideId "424625"]
[BlackFideId "488380"]
[WhiteElo "1815"]
[BlackElo "1539"]
[EventDate "2024.03.02"]

1. e4 e6 2. d4 d5 3. Nd2 c5 4. exd5 exd5 5. Ngf3 Nf6 6. c3 cxd4 7. Nxd4 Bc5 8. N2f3
Bg4 9. Be2 O-O 10. O-O Re8 11. Be3 Nbd7 12. Re1 a6 13. h3 Bh5 14. a4 Rc8 15. Nd2
Bxe2 16. Rxe2 Ne5 17. N2b3 Nc4 18. Bg5 Rxe2 19. Qxe2 Bxd4 20. Nxd4 h6 21. Bh4 Qb6
22. Bxf6 Qxf6 23. Re1 Qb6 24. b4 Nd6 25. Qe3 Qc7 26. Rc1 Ne4 27. Ne2 Qd7 28. a5 Qd6
29. Rd1 Nf6 30. Qd4 Rd8 31. Nf4 Qc6 32. c4 Qd6 33. Nxd5 Nxd5 34. Qxd5 Qxd5 35. Rxd5
Rxd5 36. cxd5 Kf8 37. f4 Ke7 38. Kf2 Kd6 39. Ke3 Kxd5 40. Kd3 f5 41. g4 g6 42. g5
hxg5 43. fxg5 Ke5 44. Ke3 f4+ 45. Kf3 Kf5 46. h4 Ke5 47. Kf2 Ke4 48. h5 gxh5 49.
g6 h4 50. g7 h3 51. g8=Q h2 52. Qg2+ 1-0

[Event "2024 British Rapidplay Championship"]
[Site "Holiday Inn Peterborough - West"]
[Date "2024.03.02"]
[Round "6.76"]
[White "Pradhan, Ayan"]
[Black "Wastney, Dylan"]
[Result "1-0"]
[WhiteFideId "498319"]
[BlackFideId "343112498"]
[WhiteElo "1622"]
[BlackElo "1800"]
[EventDate "2024.03.02"]

1. e4 c5 2. Nc3 e6 3. Nge2 d5 4. exd5 exd5 5. d4 cxd4 6. Nxd4 Nc6 7. Be3 Nf6 8. Bb5
Qc7 9. O-O Be7 10. Bg5 Qd6 11. Bxf6 Bxf6 12. Re1+ Be7 13. Nxc6 bxc6 14. Qxd5 O-O
15. Qxd6 Bxd6 16. Bxc6 Rb8 17. Rad1 Bc7 18. Nd5 Ba5 19. Ne7+ Kh8 20. Re5 Bd8 21.
Bf3 Bxe7 22. Rxe7 Be6 23. b3 a5 24. c4 a4 25. Bd5 axb3 26. axb3 Rxb3 27. Bxe6 fxe6
28. Rxe6 Rc3 29. Rc6 h6 30. Rc7 Rc2 31. f3 Rf4 32. Rd8+ Kh7 33. Rdd7 Kh8 34. Rxg7
Rd4 35. h3 Rcxc4 36. Rh7+ Kg8 37. Rxc4 Rd1+ 38. Kf2 Kxh7 39. Rc7+ Kg6 40. g4 Ra1
41. Rc6+ Kg5 42. h4+ Kxh4 43. Rxh6+ Kg5 44. Rh5+ Kg6 45. Rb5 Ra3 46. Kg3 Rc3 47.
Rf5 Ra3 48. Kh4 Ra1 49. Rg5+ Kf6 50. Rc5 Rf1 51. Kg3 Ra1 52. g5+ Kg6 53. Kg4 Rg1+
54. Kf4 Rf1 55. Rc6+ Kg7 56. g6 Rf2 57. Kg4 Rg2+ 58. Kf5 Rg3 59. f4 Ra3 60. Rc7+
Kg8 61. Kg5 Ra1 62. f5 Rb1 63. g7 Ra1 64. Kg6 Rg1+ 65. Kf6 Kh7 66. Rf7 Rg2 67. Rf8
1-0

[Event "2024 British Rapidplay Championship"]
[Site "Holiday Inn Peterborough - West"]
[Date "2024.03.02"]
[Round "6.77"]
[White "Patel, Diah"]
[Black "Li, Xiaofan"]
[Result "0-1"]
[WhiteFideId "496677"]
[BlackFideId "343432689"]
[WhiteElo "1545"]
[BlackElo "1771"]
[EventDate "2024.03.02"]

1. e4 c6 2. Nf3 d5 3. d3 Bg4 4. Nc3 e6 5. h3 Bh5 6. g4 Bg6 7. Qe2 Na6 8. Bg2 Bb4
9. Bd2 Nf6 10. e5 Nd7 11. Rc1 O-O 12. O-O Be7 13. Nd1 Nc7 14. c3 c5 15. d4 c4 16.
b3 Bd3 17. Qe3 Bxf1 18. Bxf1 b5 19. Nb2 a5 20. Bg2 Ba3 21. Rb1 cxb3 22. axb3 a4 23.
b4 Bxb2 24. Rxb2 Nb6 25. h4 Nc4 26. Qd3 Nxb2 27. Qc2 a3 28. Ng5 g6 29. h5 f6 30.
Nxh7 f5 31. Nf6+ Rxf6 32. exf6 a2 33. f7+ Kxf7 34. hxg6+ Kg8 35. gxf5 a1=Q+ 36. Bf1
Qh4 37. Bc1 Qg4+ 38. Bg2 Qxf5 39. Qd2 Nd3 40. Qh6 Qxc1+ 41. Qxc1 Qxf2+ 42. Kh1 Nxc1
43. g7 Ra2 44. c4 Qxg2# 0-1

[Event "2024 British Rapidplay Championship"]
[Site "Holiday Inn Peterborough - West"]
[Date "2024.03.02"]
[Round "6.78"]
[White "Ebbutt, Samuel"]
[Black "Zhang, Junyi"]
[Result "0-1"]
[WhiteFideId "343421644"]
[BlackFideId "494437"]
[WhiteElo "1521"]
[BlackElo "1701"]
[EventDate "2024.03.02"]

1. d4 Nf6 2. Nf3 e6 3. Bg5 d5 4. e3 h6 5. Bh4 Be7 6. c4 O-O 7. Nc3 c6 8. cxd5 exd5
9. Be2 Bf5 10. O-O Nbd7 11. Qb3 Qb6 12. Ne5 Qc7 13. Nxd7 Qxd7 14. Bf3 Rfe8 15. a3
Ne4 16. Bxe4 dxe4 17. Bg3 Bf6 18. Rfd1 Bg4 19. Rd2 h5 20. h4 b6 21. Qc2 Qe7 22. Rc1
Bxh4 23. Be5 f6 24. Bh2 Bg5 25. Na2 a5 26. Qxc6 Rac8 27. Qxb6 Rxc1+ 28. Nxc1 Rc8
29. Na2 h4 30. Nc3 h3 31. Qd6 Qb7 32. Bg3 hxg2 33. Kxg2 Bf3+ 34. Kh3 Qf7 35. Qd5
Qxd5 36. Nxd5 Kf7 37. Bh4 Rh8 38. Rc2 Bxh4 39. Rc7+ Ke6 40. Nf4+ Kd6 41. Rc3 Bxf2+
0-1

[Event "2024 British Rapidplay Championship"]
[Site "Holiday Inn Peterborough - West"]
[Date "2024.03.02"]
[Round "6.79"]
[White "Broomfield, Daniel"]
[Black "Gunarathne, Senith"]
[Result "0-1"]
[WhiteFideId "343110840"]
[BlackFideId "343104324"]
[WhiteElo "1519"]
[BlackElo "1591"]
[EventDate "2024.03.02"]

1. e4 c5 2. Be2 d6 3. f4 Nc6 4. d3 e6 5. Nf3 Be7 6. O-O Nf6 7. Qe1 Qb6 8. Kh1 Bd7
9. c3 h6 10. Nbd2 d5 11. Qg3 O-O-O 12. Qf2 Ng4 13. Qg1 g5 14. h3 Nf6 15. Ne5 gxf4
16. Nxf7 e5 17. Nxd8 Rxd8 18. a3 Rg8 19. Qf2 Qa5 20. Nf3 dxe4 21. dxe4 Nxe4 22. Qe1
Ng3+ 23. Kh2 Nxf1+ 24. Qxf1 Qc7 25. Nd2 e4 26. Kh1 Bf5 27. Nc4 Bg5 28. b4 Ne5 29.
Nxe5 Qxe5 30. Bc4 Rd8 31. Bb2 Rd2 32. Bc1 Rd7 33. Bb5 Rd8 34. Bb2 a6 35. Bxa6 bxa6
36. Qxa6+ Kd7 37. Rd1+ Ke8 38. Qc6+ Bd7 39. Qg6+ Ke7 40. Qh7+ Ke6 41. Qg6+ Bf6 42.
Qg4+ Ke7 43. Bc1 Bxg4 0-1

[Event "2024 British Rapidplay Championship"]
[Site "Holiday Inn Peterborough - West"]
[Date "2024.03.02"]
[Round "6.80"]
[White "Siu, Kam Wa"]
[Black "Ferris, Oliver"]
[Result "1-0"]
[WhiteFideId "6008860"]
[BlackFideId "343400850"]
[WhiteElo "1456"]
[BlackElo "1546"]
[EventDate "2024.03.02"]

1. e4 e5 2. Nf3 Nc6 3. d4 exd4 4. Bc4 Nf6 5. O-O Bc5 6. c3 dxc3 7. Nxc3 d6 8. Bg5
Be6 9. Nd5 Bxd5 10. exd5 Na5 11. Qe1+ Qe7 12. Qxa5 O-O 13. Rfe1 Qd8 14. Qc3 a5 15.
a3 c6 16. Bxf6 gxf6 17. b4 Bb6 18. dxc6 bxc6 19. Rad1 d5 20. Bb3 Qd6 21. Nh4 axb4
22. axb4 Qf4 23. Qg3+ Qg5 24. Nf5 Kh8 25. Ne7 Ra3 26. Qxg5 fxg5 27. Rb1 f5 28. Nxc6
g4 29. Bxd5 Rd3 30. Rbd1 Rxd1 31. Rxd1 f4 32. Ne5 g3 33. Nd7 Bxf2+ 34. Kf1 Rd8 35.
Bc6 Rc8 36. b5 Re8 37. hxg3 fxg3 38. Nf6 Re6 39. Ne4 Bb6 40. Nxg3 Rf6+ 41. Bf3 Kg7
1-0

[Event "2024 British Rapidplay Championship"]
[Site "Holiday Inn Peterborough - West"]
[Date "2024.03.02"]
[Round "6.81"]
[White "Ou, Siyuan"]
[Black "Takvorian, Sebouh"]
[Result "0-1"]
[WhiteFideId "343405657"]
[BlackFideId "430960"]
[WhiteElo "1434"]
[BlackElo "1735"]
[EventDate "2024.03.02"]

1. e4 e6 2. d4 d5 3. e5 c5 4. c3 Nc6 5. Nf3 Nh6 6. a3 Nf5 7. Be2 Qb6 8. dxc5 Bxc5
9. O-O O-O 10. b4 Be7 11. Re1 Nh4 12. g3 Ng6 13. Bd3 Bd7 14. Qe2 f6 15. exf6 Rxf6
16. Be3 Qc7 17. Bg5 Rf7 18. Bxe7 Ncxe7 19. Ng5 Rf6 20. c4 Raf8 21. cxd5 Qb6 22. Rf1
Nxd5 23. Qh5 h6 24. Bxg6 Rxf2 25. Kh1 Rxf1+ 26. Kg2 Qf2+ 27. Kh3 e5+ 28. Kh4 Qxh2+
29. Nh3 Qxh3# 0-1

[Event "2024 British Rapidplay Championship"]
[Site "Holiday Inn Peterborough - West"]
[Date "2024.03.02"]
[Round "6.82"]
[White "Shankar, Yashwardhan"]
[Black "Letton, Rob"]
[Result "1-0"]
[WhiteFideId "2411067"]
[BlackFideId "464384"]
[WhiteElo "1254"]
[BlackElo "1722"]
[EventDate "2024.03.02"]

1. d4 c6 2. Bf4 d5 3. e3 Bf5 4. c4 Nf6 5. Nc3 e6 6. Qb3 Qb6 7. c5 Qxb3 8. axb3 Nbd7
9. b4 Be7 10. Nf3 O-O 11. b5 a5 12. bxa6 bxa6 13. Rxa6 Rxa6 14. Bxa6 Ra8 15. Be2
Ne4 16. O-O g5 17. Bg3 Nxg3 18. hxg3 g4 19. Nd2 e5 20. b4 exd4 21. exd4 Bf6 22. Nb3
Ra3 23. Bd1 Bd3 24. Re1 Bc4 25. Bxg4 Rxb3 26. Bxd7 Rxc3 27. Bxc6 Bxd4 1-0

[Event "2024 British Rapidplay Championship"]
[Site "Holiday Inn Peterborough - West"]
[Date "2024.03.02"]
[Round "6.84"]
[White "Basson, Heinrich"]
[Black "Chedd, Neil"]
[Result "1/2-1/2"]
[WhiteFideId "14301440"]
[BlackFideId "343422853"]
[WhiteElo "1848"]
[BlackElo "1603"]
[EventDate "2024.03.02"]

1. d4 c6 2. Nf3 d5 3. c4 Nf6 4. Nc3 e6 5. Bg5 Be7 6. e3 dxc4 7. Bxc4 b5 8. Bd3 O-O
9. O-O Bb7 10. Rc1 Nbd7 11. Bb1 Rc8 12. a3 a5 13. Re1 b4 14. axb4 axb4 15. Na4 Qa5
16. b3 Rfd8 17. Qe2 e5 18. Nc5 Bxc5 19. dxc5 Nxc5 20. Bxf6 gxf6 21. Qc4 Ne6 22. Qg4+
Kf8 23. Bxh7 Ke7 24. Nh4 Rh8 25. Bc2 Rcg8 26. Nf5+ Kd7 27. Qe4 Kc7 28. Qd3 Rd8 29.
Qe2 Rhg8 30. Kh1 Qd5 31. f3 Qd2 32. Rcd1 Qc3 33. Be4 Rxd1 34. Rxd1 Nc5 35. Bc2 Ba6
36. Qf2 Rg5 37. e4 Ne6 38. Qa7+ Bb7 39. Qa5+ Kb8 40. Bd3 Qb2 41. Rg1 Nf4 42. Bf1
Qf2 43. Qd8+ Ka7 44. Qa5+ Kb8 45. Qd8+ Bc8 46. Nd6 Qxg1+ 47. Kxg1 Nh3+ 48. Kh1 Nf2+
49. Kg1 Nh3+ 50. Kh1 1/2-1/2

[Event "2024 British Rapidplay Championship"]
[Site "Holiday Inn Peterborough - West"]
[Date "2024.03.02"]
[Round "6.85"]
[White "Mohamed Nasrudeen Meeran, Muiz Ul Meeran"]
[Black "Davies, Peter L"]
[Result "0-1"]
[WhiteFideId "343423744"]
[BlackFideId "1801171"]
[WhiteElo "1642"]
[BlackElo "1876"]
[EventDate "2024.03.02"]

1. e4 Nf6 2. Nc3 e5 3. Nf3 Nc6 4. Bb5 d6 5. Bxc6+ bxc6 6. h3 Be7 7. O-O O-O 8. d3
Ne8 9. Be3 f5 10. exf5 Bxf5 11. Qd2 Bxh3 12. gxh3 Rxf3 13. Kg2 Rf8 14. Rg1 d5 15.
d4 exd4 16. Qxd4 Bf6 17. Qg4 Rb8 18. Bc1 Qe7 19. Nd1 Nd6 20. c3 Qe4+ 21. Qxe4 Nxe4
22. f3 Nd6 23. Kf2 Rbe8 24. Ne3 Bh4+ 25. Ke2 Nf5 26. Bd2 Ng3+ 27. Kd3 Rxf3 28. Rae1
Nf5 29. Re2 c5 30. b3 d4 31. cxd4 cxd4 32. Rg4 dxe3 33. Bxe3 Rd8+ 34. Ke4 Rxe3+ 35.
Rxe3 Nxe3 36. Rxh4 Rd4+ 37. Kxd4 Nf5+ 38. Kc5 Nxh4 39. Kc6 g5 40. Kxc7 h5 41. Kb7
g4 42. hxg4 hxg4 43. Kxa7 g3 44. b4 g2 45. b5 g1=Q+ 46. b6 Nf5 47. Ka6 Qa1 48. b7
Qxa2+ 49. Kb6 Qb3+ 50. Kc7 Qc4+ 51. Kb6 Qb4+ 52. Kc6 Ne7+ 53. Kc7 Qc5+ 54. Kd7 Qc6+
55. Kxe7 Qxb7+ 56. Ke6 Qb5 57. Kd6 Kf7 58. Kc7 Ke7 59. Kc8 Qd7+ 60. Kb8 Kd6 61. Ka8
Kc6 62. Kb8 Qe7 0-1

[Event "2024 British Rapidplay Championship"]
[Site "Holiday Inn Peterborough - West"]
[Date "2024.03.02"]
[Round "6.86"]
[White "Blair, Jimmy"]
[Black "Fairhurst, Frederick"]
[Result "0-1"]
[WhiteFideId "437565"]
[BlackFideId "343425682"]
[WhiteElo "1580"]
[BlackElo "1600"]
[EventDate "2024.03.02"]

1. e4 c6 2. Nf3 d5 3. e5 Bf5 4. d4 e6 5. Nc3 c5 6. Bb5+ Nd7 7. Be3 a6 8. Bd3 Bxd3
9. Qxd3 Ne7 10. Ng5 Nc6 11. Qe2 cxd4 12. Nxf7 Kxf7 13. Qf3+ Ke8 14. Qh5+ g6 15. Qg4
dxe3 16. Qxe6+ Qe7 17. Qxe7+ Nxe7 18. fxe3 Nxe5 19. O-O-O Rd8 20. Rhf1 Bh6 21. Kb1
Bxe3 22. Rde1 Bd4 23. Ne2 Bb6 24. Nf4 N7c6 25. Ne6 Rd7 26. h3 Ke7 27. Ng5 h6 28.
Nf3 Kd6 29. Rd1 Nxf3 30. Rxf3 Re8 31. c4 Kc5 32. cxd5 Rxd5 33. Rc1+ Kd6 34. a3 Rf5
35. Rd1+ Kc7 36. Rg3 Rf2 37. Rxg6 Ree2 38. Rg7+ Kb8 39. Rdd7 Rxb2+ 40. Ka1 Ra2+ 41.
Kb1 Rfb2+ 42. Kc1 Be3+ 43. Kd1 Ra1# 0-1

[Event "2024 British Rapidplay Championship"]
[Site "Holiday Inn Peterborough - West"]
[Date "2024.03.02"]
[Round "6.87"]
[White "Sriram, Gautam"]
[Black "Graff, Ben"]
[Result "1/2-1/2"]
[WhiteFideId "498491"]
[BlackFideId "424170"]
[WhiteElo "1480"]
[BlackElo "1782"]
[EventDate "2024.03.02"]

1. e4 e6 2. d4 d5 3. exd5 exd5 4. Bd3 Bd6 5. Nf3 Ne7 6. O-O Bf5 7. Bxf5 Nxf5 8. Re1+
Ne7 9. Be3 O-O 10. c3 Nd7 11. Nbd2 c6 12. Qc2 Nf6 13. Rac1 Qc7 14. h3 Ng6 15. Bg5
Be7 16. Bxf6 Bxf6 17. Re3 Rfe8 18. Rce1 Qd7 19. Qb3 Rxe3 20. Rxe3 b6 21. Re1 Re8
22. Rxe8+ Qxe8 23. Qa4 Qd7 24. Qb3 Nf4 25. a4 Qe7 26. a5 b5 27. Qc2 Qc7 28. Qf5 Ne6
29. b4 Qf4 30. Qxf4 Nxf4 31. Kf1 Kf8 32. h4 Ke7 33. g3 Ne6 34. Ke2 Kd6 35. Ke3 h6
36. Ke2 g5 37. hxg5 Nxg5 38. Nxg5 1/2-1/2

[Event "2024 British Rapidplay Championship"]
[Site "Holiday Inn Peterborough - West"]
[Date "2024.03.02"]
[Round "6.88"]
[White "Mehta, Zara"]
[Black "Smith, Andrew PE"]
[Result "0-1"]
[WhiteFideId "343401236"]
[BlackFideId "469793"]
[WhiteElo "1125"]
[BlackElo "1645"]
[EventDate "2024.03.02"]

1. d4 Nf6 2. Bf4 d6 3. e3 c6 4. c3 Qb6 5. Qb3 Nh5 6. Nf3 Nxf4 7. exf4 Qxb3 8. axb3
g6 9. Nbd2 Bg7 10. Bd3 O-O 11. O-O Nd7 12. Rfe1 e6 13. Re2 Nf6 14. Rae1 b6 15. h3
Bb7 16. Ng5 c5 17. Nc4 Ba6 18. Re3 cxd4 19. cxd4 Nd5 20. Re4 Ne7 21. R4e3 Bxc4 22.
bxc4 Bxd4 23. R3e2 h6 24. Ne4 d5 25. cxd5 Nxd5 26. Bb5 Nxf4 27. Rd2 e5 28. Nf6+ Kg7
29. Nd7 Rfd8 30. Nxe5 Bxe5 31. Rxd8 Rxd8 32. Rxe5 Kf6 33. Re3 Kg7 34. Be8 Ne6 35.
Bb5 Rd1+ 36. Bf1 Rb1 37. b3 Nc5 38. Re7 Nxb3 39. Re2 Rd1 40. g3 Nd2 41. Kg2 Nxf1
42. Kf3 Nd2+ 43. Kf4 a5 44. Ke3 Nc4+ 45. Kf3 a4 46. Ra2 b5 47. Kg2 Rd2 48. Ra1 a3
49. Kf3 b4 50. Kg2 b3 51. Kf3 b2 52. Rb1 a2 53. Re1 b1=Q 54. Rxb1 axb1=Q 55. Kf4
Rxf2+ 56. Kg4 Qe4# 0-1

[Event "2024 British Rapidplay Championship"]
[Site "Holiday Inn Peterborough - West"]
[Date "2024.03.02"]
[Round "6.89"]
[White "Knox, Edward"]
[Black "Rogowski, Rafal"]
[Result "1/2-1/2"]
[WhiteFideId "343432328"]
[BlackFideId "343415970"]
[WhiteElo "1661"]
[BlackElo "1591"]
[EventDate "2024.03.02"]

1. d4 d6 2. Nf3 c6 3. Nc3 Nd7 4. e4 Qa5 5. Bd2 Qc7 6. Bc4 h6 7. O-O Ngf6 8. Re1 e5
9. h3 g5 10. Qe2 Bg7 11. d5 Nf8 12. Rad1 Ng6 13. Qd3 Ke7 14. dxc6 bxc6 15. a3 g4
16. hxg4 Nxg4 17. Nh4 Nxh4 18. Qg3 Ng6 19. f4 Nxf4 20. Bxf4 exf4 21. Qxf4 f6 22.
Rd5 cxd5 23. Nxd5+ Kd7 24. Nxc7 Kxc7 25. Rd1 Rd8 26. e5 Nxe5 27. Bd5 Rb8 28. Qa4
Bg4 29. Qxa7+ Kc8 30. Qa6+ Kc7 31. Re1 Rxb2 32. Rxe5 fxe5 33. Qc6+ Kb8 34. Qa8+ Kc7
35. Qc6+ Kb8 36. Qa8+ Kc7 1/2-1/2